|
|
|
|
| LEADER |
00000cam a22000004a 4500 |
| 001 |
musev2_52261 |
| 003 |
MdBmJHUP |
| 005 |
20230905045556.0 |
| 006 |
m o d |
| 007 |
cr||||||||nn|n |
| 008 |
150527s2015 miu o 00 0 eng d |
| 010 |
|
|
|z 2020706715
|
| 020 |
|
|
|a 9780472900190
|
| 020 |
|
|
|z 9780472120963
|
| 020 |
|
|
|z 9780472036158
|
| 035 |
|
|
|a (OCoLC)1017611674
|
| 040 |
|
|
|a MdBmJHUP
|c MdBmJHUP
|
| 100 |
1 |
|
|a Derby, Matthew,
|d 1973-
|e author.
|
| 240 |
1 |
0 |
|a Short stories.
|k Selections
|
| 245 |
1 |
0 |
|a Full Metal Jhacket /
|c Matthew Derby.
|
| 264 |
|
1 |
|a Ann Arbor :
|b University of Michigan Press,
|c [2015]
|
| 264 |
|
3 |
|a Baltimore, Md. :
|b Project MUSE,
|c 2018
|
| 264 |
|
4 |
|c ©[2015]
|
| 300 |
|
|
|a 1 online resource (155 pages).
|
| 336 |
|
|
|a text
|b txt
|2 rdacontent
|
| 337 |
|
|
|a computer
|b c
|2 rdamedia
|
| 338 |
|
|
|a online resource
|b cr
|2 rdacarrier
|
| 490 |
0 |
|
|a 21st century prose
|
| 505 |
0 |
0 |
|t January in December --
|t Dokken --
|t The snipe --
|t Full metal jhacket --
|t The past, uncorrected --
|t Thirty years of prosperity for every fifteen years of hard work --
|t Yeti --
|t How the rebels took Port Harcourt --
|t Heightmap of her countenance --
|t Kraftmark --
|t Walden Gallaria prayer.
|
| 506 |
0 |
|
|a Open Access
|f Unrestricted online access
|2 star
|
| 520 |
|
|
|a Following his celebrated debut collection Super Flat Times, Matthew Derby delivers a disturbing new set of stories that plunges us into a lonely heartland of misfits, outcasts, and would-be assassins who lurk in the shadows, searching for connection and meaning in all the wrong places.
|
| 588 |
|
|
|a Description based on print version record.
|
| 650 |
|
7 |
|a Short stories, American.
|2 fast
|0 (OCoLC)fst01117064
|
| 650 |
|
7 |
|a FICTION
|x General.
|2 bisacsh
|
| 650 |
|
6 |
|a Nouvelles americaines
|y 21e siecle.
|
| 650 |
|
0 |
|a Short stories, American
|y 21st century.
|
| 655 |
|
7 |
|a Nouvelles.
|2 rvmgf
|
| 655 |
|
7 |
|a Short stories.
|2 lcgft
|
| 655 |
|
7 |
|a Short stories.
|2 fast
|0 (OCoLC)fst01726740
|
| 655 |
|
7 |
|a short stories.
|2 aat
|
| 655 |
|
7 |
|a Electronic books.
|2 local
|
| 700 |
1 |
2 |
|a Derby, Matthew,
|d 1973-
|t January in December.
|
| 710 |
2 |
|
|a Project Muse.
|e distributor
|
| 830 |
|
0 |
|a Book collections on Project MUSE.
|
| 856 |
4 |
0 |
|z Texto completo
|u https://projectmuse.uam.elogim.com/book/52261/
|
| 945 |
|
|
|a Project MUSE - Archive Complete Supplement VI
|
| 945 |
|
|
|a Project MUSE - Archive Poetry, Fiction and Creative Non-Fiction Supplement VI
|